000 00717cab a2200265 4500
001 X1160
008 090401t1993 xxu||||| |||| 00| 0 eng d
035 _a(Sirsi) u15082
041 _aeng
245 _aCommercial leases - market flexibility removes need for legislation
260 _c1993
350 _a0
490 _aCS Monthly : General Practice
_v3(3) November 1993, 1-2(2)
650 _aCONFIDENTIALITY CLAUSES
650 _aDISPUTE RESOLUTION
_96236
650 _aLEASE REFORM
650 _aLEASES
650 _aREFORM
650 _aRENT REVIEWS
650 _aRICS
650 _aUPWARD ONLY RENT REVIEWS
690 _aLANDLORD AND TENANT-LEASEHOLD REFORM
942 _n0
948 _c04/03/1997
999 _c9853
_d9853